[Event "Let's Play Chess!"]
[Site "http://www.queenalice.com/game.php?id=1472900"]
[Date "2017.4.11"]
[Round "-"]
[White "chessplayer123"]
[Black "Mizar"]
[Result "0-1"]
[WhiteElo "1789"]
[BlackElo "1837"]

1. e4 e5 2. Bc4 Nc6 3. a3 Nf6 4. Nf3 Bc5 5. d3 O-O 6. Nc3 d6 7. Be3 Bxe3 8. fxe3
a6 9. O-O Na5 10. Ba2 Ng4 11. Bd5 Nxe3 12. Qe2 Nxf1 13. Rxf1 c6 14. Ba2 Qb6+ 15.
Kh1 Qxb2 16. Qd2 b5 17. Ng5 Be6 18. Bxe6 fxe6 19. Rxf8+ Rxf8 20. h3 Rf1+ 21. Kh2
Qc1 22. Qxc1 Rxc1 23. Nxe6 c5 24. h4 b4 25. axb4 cxb4 26. Na4 Rxc2 0-1

[Event "Let's Play Chess!"]
[Site "http://www.queenalice.com/game.php?id=1473131"]
[Date "2017.4.13"]
[Round "-"]
[White "Mizar"]
[Black "ulisses34"]
[Result "1-0"]
[WhiteElo "1822"]
[BlackElo "1788"]

1. e4 c6 2. Nc3 d6 3. Bc4 e6 4. Nf3 Be7 5. a3 Nf6 6. d3 Nbd7 7. b4 a5 8. Bb2 Ne5
9. Nxe5 dxe5 10. Na4 b5 11. Bb3 bxa4 12. Bxa4 Bb7 13. b5 Qd4 14. Bxd4 1-0

[Event "Let's Play Chess!"]
[Site "http://www.queenalice.com/game.php?id=1473807"]
[Date "2017.4.17"]
[Round "-"]
[White "Mizar"]
[Black "chessplayer123"]
[Result "0-1"]
[WhiteElo "1851"]
[BlackElo "1811"]

1. e4 c6 2. Nf3 d6 3. Bc4 Nf6 4. Ng5 e6 5. d3 Be7 6. Na3 b5 7. Nxb5 cxb5 8.
Bxb5+ Kf8 9. c4 h6 10. Nh3 e5 11. Qf3 Be6 12. O-O Nbd7 13. Bd2 Nc5 14. Rad1 Qb6
15. Be3 Bg4 16. Qg3 Bxd1 17. Rxd1 Qd8 18. b4 Ne6 19. Bc6 Rc8 20. b5 Nh5 21. Qg4
g6 22. Bxa7 Rxc6 23. bxc6 Qc7 24. Be3 Qxc6 25. g3 Nf6 26. Qe2 Kg7 27. f4 exf4
28. gxf4 Bd8 29. Qg2 Bb6 30. Re1 Bxe3+ 31. Rxe3 Qc5 32. Qg3 Nh5 33. Qf3 Nd4 34.
Qg4 Nc2 35. f5 Nxe3 36. Qxg6+ fxg6 0-1

[Event "Let's Play Chess!"]
[Site "http://www.queenalice.com/game.php?id=1473808"]
[Date "2017.4.17"]
[Round "-"]
[White "chessplayer123"]
[Black "Mizar"]
[Result "1-0"]
[WhiteElo "1908"]
[BlackElo "1833"]

1. e4 e5 2. Nf3 Nc6 3. Bc4 h6 4. Nc3 Nf6 5. O-O Bc5 6. a3 Ng4 7. Nd5 Nxf2 8.
Rxf2 Bxf2+ 9. Kxf2 d6 10. d3 O-O 11. Kg1 a6 12. Be3 b5 13. Ba2 Kh8 14. c4 bxc4
15. dxc4 Na5 16. b4 c6 17. Bb6 Qd7 18. Nc7 Rb8 19. Bxa5 c5 20. Nd5 Qg4 21. Bc7
Rb7 22. Bxd6 Re8 23. Bxe5 Qxe4 24. Bc3 Bg4 25. bxc5 Bxf3 26. Qxf3 Qxf3 27. gxf3
Rc8 28. Bd4 Rd7 29. Bxg7+ Kxg7 30. Nb6 Rdc7 31. Nxc8 Rxc8 32. Rd1 Rxc5 33. Rd5
Rc6 34. Rd7 Rf6 35. Kf2 Kf8 36. Bb1 Ke8 37. Ra7 Rc6 38. Bd3 Kf8 39. f4 Rd6 40.
Ke3 Kg7 41. Be4 Re6 42. Kf3 Rd6 43. Bd5 Kg6 44. Bxf7+ Kf5 45. Bd5 h5 46. Rh7 Kg6
47. Ra7 Rb6 48. Bf7+ Kh6 49. f5 Kg5 50. Be6 Rd6 51. Rg7+ Kh6 52. Rg6+ Kh7 53.
Bg8+ Kh8 54. Rxd6 1-0

[Event "AUTO-ADV-3820"]
[Site "http://www.queenalice.com/game.php?id=1474592"]
[Date "2017.4.22"]
[Round "1"]
[White "chessman"]
[Black "Mizar"]
[Result "1-0"]
[WhiteElo "1958"]
[BlackElo "1809"]

1. e4 e5 2. Nf3 Nc6 3. Bb5 a6 4. Bxc6 bxc6 5. Nxe5 Nf6 6. d3 Bb7 7. Nf3 d5 8.
exd5 cxd5 9. O-O Bd6 10. Re1+ Be7 11. d4 O-O 12. c4 dxc4 13. Nc3 h6 14. Be3 1-0

[Event "AUTO-ADV-3820"]
[Site "http://www.queenalice.com/game.php?id=1474593"]
[Date "2017.4.22"]
[Round "1"]
[White "Mizar"]
[Black "chessman"]
[Result "0-1"]
[WhiteElo "1820"]
[BlackElo "1947"]

1. e4 e6 2. Nf3 d5 3. Bb5+ c6 4. Ba4 dxe4 5. Ne5 Qg5 6. d4 Qxg2 7. Rf1 Nf6 8.
Bf4 Nd5 9. Qd2 Be7 10. Nc3 Nxf4 11. O-O-O Nh3 12. f3 exf3 13. Nxf3 Qxd2+ 0-1

[Event "AUTO-ADV-3820"]
[Site "http://www.queenalice.com/game.php?id=1474602"]
[Date "2017.4.22"]
[Round "1"]
[White "Orly"]
[Black "Mizar"]
[Result "1-0"]
[WhiteElo "1817"]
[BlackElo "1783"]

1. e4 e5 2. Nf3 Nc6 3. Bb5 Bc5 4. Bxc6 bxc6 5. Nxe5 Nh6 6. d4 Bb6 7. Bxh6 gxh6
8. c3 Bb7 9. Qh5 O-O 10. Qxh6 c5 11. d5 f6 12. Nf3 Qe8 13. Nbd2 f5 14. e5 Bxd5
15. O-O 1-0

[Event "AUTO-ADV-3820"]
[Site "http://www.queenalice.com/game.php?id=1474603"]
[Date "2017.4.22"]
[Round "1"]
[White "Mizar"]
[Black "Orly"]
[Result "0-1"]
[WhiteElo "1799"]
[BlackElo "1801"]

1. e4 e5 2. Nf3 Nc6 3. Bc4 Be7 4. d3 Nf6 5. Ng5 O-O 6. O-O d6 7. b3 h6 8. Bxf7+
Rxf7 9. Nxf7 Kxf7 10. Qf3 Nd4 11. Qe3 Nxc2 12. Qd2 Nxa1 13. Qc3 Nxb3 14. Qxb3+
Be6 15. Qxb7 Rb8 0-1